00477nam a2200157 a 450000500170000000800410001702000150005805000250007310000150009824500580011326000400017130000220021165000280023365000330026165000250029420140310183149.0021129s19uu xx 00 eng d a0761955887 aBF 76.5b.F5713 1995 aFlick, Uwe aAn Introduction to qualitative research /cUwe Flick. aLondon :bSAGE Publications,c1995. a293 p. :c24 cm.  aPsychologyxmethodology aSocial Sciencesxmethodology aQualitative research